Network Tomography - Compressed Sensing Techniques for Traffic Matrix Estimation/ (Record no. 610284)

000 -LEADER
fixed length control field 00569nam a22001697a 4500
003 - CONTROL NUMBER IDENTIFIER
control field NUST
038 ## - RECORD CONTENT LICENSOR
Staff Name Nusrat Nadeem
082 ## - DEWEY DECIMAL CLASSIFICATION NUMBER
Classification number 200
100 ## - MAIN ENTRY--PERSONAL NAME
Personal name Memon, Rashida Ali
245 ## - TITLE STATEMENT
Title Network Tomography - Compressed Sensing Techniques for Traffic Matrix Estimation/
Statement of responsibility, etc. Rashida Ali Memon,
264 ## - PRODUCTION, PUBLICATION, DISTRIBUTION, MANUFACTURE, AND COPYRIGHT NOTICE
Place of production, publication, distribution, manufacture Karachi;
Name of producer, publisher, distributor, manufacturer PNEC NUST;
Date of production, publication, distribution, manufacture, or copyright notice 2021.
300 ## - PHYSICAL DESCRIPTION
Extent 131,P;
Other physical details ill;
Dimensions 30,cm.
650 ## - SUBJECT ADDED ENTRY--TOPICAL TERM
Topical term or geographic name entry element PhD-Electrical Engineering
700 ## - ADDED ENTRY--PERSONAL NAME
Personal name Supervisor: Dr. Sameer Hashmat Qazi
856 ## - ELECTRONIC LOCATION AND ACCESS
Uniform Resource Identifier <a href="http://10.250.8.41:8080/xmlui/handle/123456789/34813">http://10.250.8.41:8080/xmlui/handle/123456789/34813</a>
942 ## - ADDED ENTRY ELEMENTS (KOHA)
Source of classification or shelving scheme
Koha item type Soft Copy
Holdings
Withdrawn status Permanent Location Current Location Shelving location Date acquired Full call number Barcode Koha item type
  Central Library (CL) Central Library (CL) Thesis 07/11/2024 200 CLPT-248 Soft Copy
© 2023 Central Library, National University of Sciences and Technology. All Rights Reserved.